<?xml version="1.0" encoding="UTF-8"?>
<record
    xmlns:xsi="http://www.w3.org/2001/XMLSchema-instance"
    xsi:schemaLocation="http://www.loc.gov/MARC21/slim http://www.loc.gov/standards/marcxml/schema/MARC21slim.xsd"
    xmlns="http://www.loc.gov/MARC21/slim">

  <leader>02676nam a2200361   4500</leader>
  <datafield tag="999" ind1=" " ind2=" ">
    <subfield code="c">6589</subfield>
    <subfield code="d">6589</subfield>
  </datafield>
  <controlfield tag="008">240228b           ||||| |||| 00| 0 spa d</controlfield>
  <datafield tag="022" ind1=" " ind2=" ">
    <subfield code="a">9789873016776</subfield>
  </datafield>
  <datafield tag="245" ind1="1" ind2="0">
    <subfield code="a">Revista de Derechos de da&#xF1;os :</subfield>
    <subfield code="b">responsabildad civil - I /</subfield>
    <subfield code="c">Jorge Mosset Iturraspe ; Ricardo Luis Lorenzetti directores.</subfield>
  </datafield>
  <datafield tag="260" ind1=" " ind2=" ">
    <subfield code="a">Buenos Aires :</subfield>
    <subfield code="b">Rubinzal Culzoni, </subfield>
    <subfield code="c">2025.</subfield>
  </datafield>
  <datafield tag="300" ind1=" " ind2=" ">
    <subfield code="a">742 p.</subfield>
    <subfield code="c">22 cm.</subfield>
  </datafield>
  <datafield tag="310" ind1=" " ind2=" ">
    <subfield code="a">cuatrimestral</subfield>
  </datafield>
  <datafield tag="362" ind1=" " ind2=" ">
    <subfield code="a">No.1 (2025)</subfield>
  </datafield>
  <datafield tag="505" ind1=" " ind2=" ">
    <subfield code="t"> Bases constitucionales de la responsabilidad civil /

</subfield>
    <subfield code="r">Fernando Braceiro.</subfield>
  </datafield>
  <datafield tag="505" ind1=" " ind2=" ">
    <subfield code="t">Responsabilidad: una mirada general del tema /

</subfield>
    <subfield code="r">Mariano Gagliard.</subfield>
  </datafield>
  <datafield tag="505" ind1=" " ind2=" ">
    <subfield code="t">Responsabilidad civil y causales de justificaci&#xF3;n. posibles desaf&#xED;os para su aplicaci&#xF3;n en supuestos donde interviene la IA /

</subfield>
    <subfield code="r">G. Elizabeth Schmieloz.</subfield>
  </datafield>
  <datafield tag="505" ind1=" " ind2=" ">
    <subfield code="t">El principio general del derecho a la prevenci&#xF3;n del da&#xF1;o y la responsabilidad civil preventiva. enfoque conceptual /

</subfield>
    <subfield code="r"> Jorge Mario Gald&#xF3;s.</subfield>
  </datafield>
  <datafield tag="505" ind1=" " ind2=" ">
    <subfield code="t">El l&#xED;mite de responsabilidad civil por incumplimiento: imposibilidad de cumplir e inexigibilidad de la prestaci&#xF3;n /</subfield>
    <subfield code="r">Federico Carlos Wayar.</subfield>
  </datafield>
  <datafield tag="505" ind1=" " ind2=" ">
    <subfield code="t">Eximente de responsabilidad por el hecho del damnificado /
</subfield>
    <subfield code="r"> Mariano R. Zurueta.</subfield>
  </datafield>
  <datafield tag="505" ind1=" " ind2=" ">
    <subfield code="t">Responsabilidad por caso fortuito o por imposibilidad de cumplimiento - an&#xE1;lisis del art&#xED;culo 1733 del c&#xF3;digo civil y comercial de la naci&#xF3;n argentina /</subfield>
    <subfield code="r"> Marcial Soraz&#xE1;bal.</subfield>
  </datafield>
  <datafield tag="505" ind1=" " ind2=" ">
    <subfield code="t">El hecho de un tercero - la impronta de la jurisprudencia a la hora de evaluar la eximente de responsabilidad civil frente a los casos de inseguridad y de vandalismo /

</subfield>
    <subfield code="r"> Aldo M. Di Vito.</subfield>
  </datafield>
  <datafield tag="505" ind1=" " ind2=" ">
    <subfield code="t">El Consentimiento Del Damnificado Como Eximente De Responsabilidad - An&#xE1;lisis Del Art&#xED;culo 1720 Del C&#xF3;digo Civil Y Comercial Argentino /</subfield>
    <subfield code="r"> Jos&#xE9; Fernando M&#xE1;rquez y Florencia Bollatti.</subfield>
  </datafield>
  <datafield tag="505" ind1=" " ind2=" ">
    <subfield code="t">Art&#xED;culo 1725 del c&#xF3;digo civil y comercial. valoraci&#xF3;n de la conducta con especial atenci&#xF3;n a los profesionales liberales /

</subfield>
    <subfield code="r">r Rodrigo Padilla y Luciana Busnelli.</subfield>
  </datafield>
  <datafield tag="505" ind1=" " ind2=" ">
    <subfield code="t">&#x201C;Caso fortuito&#x201D; y &#x201C;fuerza mayor&#x201D;, caracter&#xED;sticas, generalidades y casu&#xED;stica /</subfield>
    <subfield code="r">Anal&#xED;a Victoria Romero.</subfield>
  </datafield>
  <datafield tag="505" ind1=" " ind2=" ">
    <subfield code="t">Deber de reparar. antijuridicidad /</subfield>
    <subfield code="r">Enrique Carlos M&#xFC;ller.</subfield>
  </datafield>
  <datafield tag="505" ind1=" " ind2=" ">
    <subfield code="t">La prueba en los procesos de da&#xF1;os /

</subfield>
    <subfield code="r">Abraham Luis Vargas.</subfield>
  </datafield>
  <datafield tag="505" ind1=" " ind2=" ">
    <subfield code="t">Factores de atribuci&#xF3;n /</subfield>
    <subfield code="r"> Roberto A. V&#xE1;zquez Ferreyra.</subfield>
  </datafield>
  <datafield tag="505" ind1=" " ind2=" ">
    <subfield code="t">Relaci&#xF3;n causal. tipo de consecuencias. previsibilidad contractual /

</subfield>
    <subfield code="r">Fernando Alfredo Sagarna.</subfield>
  </datafield>
  <datafield tag="650" ind1=" " ind2="0">
    <subfield code="9">3331</subfield>
    <subfield code="a">DA&#xD1;O</subfield>
  </datafield>
  <datafield tag="650" ind1=" " ind2="0">
    <subfield code="9">1467</subfield>
    <subfield code="a">RESPONSABILIDAD CIVIL</subfield>
  </datafield>
  <datafield tag="700" ind1=" " ind2=" ">
    <subfield code="9">528</subfield>
    <subfield code="a">Mosset Iturraspe, Jorge </subfield>
    <subfield code="e">director</subfield>
  </datafield>
  <datafield tag="700" ind1=" " ind2=" ">
    <subfield code="9">529</subfield>
    <subfield code="a">Lorenzetti, Ricardo Luis</subfield>
    <subfield code="e">director</subfield>
  </datafield>
  <datafield tag="942" ind1=" " ind2=" ">
    <subfield code="2">udc</subfield>
    <subfield code="c">PP</subfield>
  </datafield>
  <datafield tag="952" ind1=" " ind2=" ">
    <subfield code="0">0</subfield>
    <subfield code="1">0</subfield>
    <subfield code="2">udc</subfield>
    <subfield code="4">0</subfield>
    <subfield code="7">0</subfield>
    <subfield code="a">DJS</subfield>
    <subfield code="b">DJS</subfield>
    <subfield code="d">2026-03-05</subfield>
    <subfield code="p">6768</subfield>
    <subfield code="r">2026-03-05</subfield>
    <subfield code="w">2026-03-05</subfield>
    <subfield code="y">PP</subfield>
  </datafield>
</record>
